| 000 | 01720nam a22002657a 4500 | ||
|---|---|---|---|
| 001 | 001565 | ||
| 003 | CoMeUDC001565 | ||
| 005 | 20241007220132.0 | ||
| 006 | aa fr 000 0 | ||
| 008 | 021029t1979# ck a fr# #000 0#spa#d | ||
| 040 | _cCoMeUDC | ||
| 092 |
_a330.98 _bP879h |
||
| 100 | 1 |
_aPoveda Ramos, Gabriel, _d1931- |
|
| 245 | 1 | 0 |
_aHistoria económica de Antioquia / _cGabriel Poveda Ramos. |
| 260 |
_aMedellín: _bInstituto para el Desarrollo de Antioquia, _bFábrica de Licores de Antioquia, _c1988. |
||
| 300 |
_a378 p. ; _c24 cm. |
||
| 490 |
_aAutores Antioqueños _v41 |
||
| 505 | 2 | _aLos antecedentes -- La Provincia a fines del siglo XVIII -- La minería aurífera bajo el Régimen Colonial -- Mineros y mercaderes en la naciente República -- Crecimiento y redistribución demográfica a principios del siglo XIX -- Montoya - Sáenz y el tabaco en Ambalema -- Agricultura y ganadería antioqueñas en el siglo XIX -- El estado soberano de Antioquia en 1870-1874 -- El transporte en el siglo XIX -- La implantación del café -- Las primeras industrias en el siglo XIX -- El ferrocarril de Antioquia -- La minería a finales del siglo XIX -- La industrialización en el siglo XX antes de la Gran Crisis -- El siglo XX en la minería -- La industria a partir de la Gran Crisis -- La investigación científica en Antioquia, ayer y hoy | |
| 650 | 1 | 4 |
_aCarreteras _ySIGLO XIX _zANTIOQUIA (COLOMBIA) _2LEMB |
| 650 | 1 | 4 |
_aTransporte urbano _ySIGLO XIX _zANTIOQUIA (COLOMBIA) _2LEMB |
| 650 | 1 | 4 |
_aINDUSTRIA _ySIGLO XIX _zANTIOQUIA (COLOMBIA) _2LEMB |
| 651 | 0 | 4 |
_aANTIOQUIA (COLOMBIA) _xPOLITICA ECONOMICA _xHISTORIA _2LEMB |
| 651 | 0 | 4 |
_aANTIOQUIA (COLOMBIA) _xCONDICIONES ECONOMICAS _xHISTORIA _2LEMB |
| 942 |
_2ddc _cBK |
||
| 999 |
_c299 _d299 |
||